| 000 -LEADER |
| fixed length control field |
00440cam a22001217a 4500 |
| 008 - FIXED-LENGTH DATA ELEMENTS--GENERAL INFORMATION |
| fixed length control field |
180718b1975 xxu||||| |||| 00| 0 eng d |
| 082 ## - DEWEY DECIMAL CLASSIFICATION NUMBER |
| Classification number |
A8x5451 H/1975-76 |
| 100 ## - MAIN ENTRY--PERSONAL NAME |
| Personal name |
Andhra Pradesh, Bureau of Economics and Statistics |
| 9 (RLIN) |
4058 |
| 245 ## - TITLE STATEMENT |
| Title |
Hand book of statistics, Andhra Pradesh, 1975-76 |
| Statement of responsibility, etc |
by Bureau of Economics and Statistics, Andhra Pradesh |
| 260 ## - PUBLICATION, DISTRIBUTION, ETC. (IMPRINT) |
| Place of publication, distribution, etc |
Hyderabad |
| Name of publisher, distributor, etc |
Government of Andhra Pradesh |
| Date of publication, distribution, etc |
1976 |
| 300 ## - PHYSICAL DESCRIPTION |
| Extent |
179p. |
| 942 ## - ADDED ENTRY ELEMENTS (KOHA) |
| Source of classification or shelving scheme |
|